000 00503nam a2200169 4500
003 SEACOMEC
005 20240831132655.0
008 240831b |||||||| |||| 00| 0 eng d
020 _a978-0262510813
_c375.00
040 _aSEACOMEC
082 _a006.32
_bA545
100 _aAnderson, James A.
245 _aAn Introduction to Neural Networks
_c James A. Anderson
260 _aNew Delhi
_bPHI learning
_c2006
650 _aComputer science - computer methods- Artificial intelligence
942 _cBOOK
999 _c1680
_d1680